[Event "ROM-chT Rapid"]
[Site "Sebes"]
[Date "2023.12.02"]
[Round "4.21"]
[White "Simina, Alexandru Ioan"]
[Black "Raditoiu, Laurentiu"]
[Result "1-0"]
[WhiteElo "1263"]
[BlackElo "1394"]
[PlyCount "73"]
[EventDate "2023.12.02"]
[EventType "team-swiss (rapid)"]
[EventRounds "8"]
[EventCountry "ROU"]
[SourceTitle "CB49_2023"]
[SourceDate "2023.12.06"]
[SourceVersion "1"]
[SourceVersionDate "2023.12.06"]
[SourceQuality "1"]
[WhiteTeam "Alba Iulia Unirea III"]
[BlackTeam "Cugir Metalurgistul II"]
[WhiteTeamCountry "ROU"]
[BlackTeamCountry "ROU"]

1. d4 d5 2. c4 e6 3. Nc3 Nf6 4. a3 h6 5. Nf3 c5 6. dxc5 Bxc5 7. cxd5 exd5 8. e3 0-0 9. Be2 a6 10. 0-0 b5 11. b4 Bb6 12. Bb2 Bb7 13. Qb3 Nc6 14. Rad1 Ne7 15. a4 bxa4 16. Nxa4 Ba7 17. Bxf6 gxf6 18. Nc5 Bxc5 19. bxc5 Bc6 20. Qc3 Ng6 21. Bd3 a5 22. Qc2 Kg7 23. Nd4 Bd7 24. c6 Bc8 25. c7 Qd6 26. Bf5 Qe5 27. Rc1 Ba6 28. Rfd1 Nh4 29. Bh3 Bc8 30. Bxc8 Raxc8 31. Qe2 Rxc7 32. Qg4+ Ng6 33. Nf5+ Kh7 34. Rxc7 Qxc7 35. Qh5 Rh8 36. Qxh6+ Kg8 37. Qg7# 1-0

[Event "ROM-chT Blitz"]
[Site "Sebes"]
[Date "2022.12.04"]
[Round "8.23"]
[White "Simina, Alexandru Ioan"]
[Black "Dragomirescu, Calin"]
[Result "0-1"]
[WhiteElo "1244"]
[BlackElo "1971"]
[PlyCount "70"]
[EventDate "2022.12.04"]
[EventType "team-swiss (blitz)"]
[EventRounds "8"]
[EventCountry "ROU"]
[SourceTitle "CBM 211 Extra"]
[Source "ChessBase"]
[SourceDate "2023.01.31"]
[SourceVersion "1"]
[SourceVersionDate "2023.01.31"]
[SourceQuality "1"]
[WhiteTeam "Alba Iulia Unirea III"]
[BlackTeam "Family Giroc"]
[WhiteTeamCountry "ROU"]
[BlackTeamCountry "ROU"]

1. d4 Nf6 2. c4 g6 3. Nc3 Bg7 4. Bf4 0-0 5. Nf3 d6 6. e3 b6 7. Be2 Bb7 8. 0-0 Nh5 9. Bg3 Nxg3 10. hxg3 Nd7 11. b4 a5 12. a3 e5 13. dxe5 Nxe5 14. Nxe5 Bxe5 15. Rc1 axb4 16. axb4 Bg7 17. Qb3 h5 18. b5 h4 19. g4 h3 20. gxh3 Qh4 21. Kh2 Rae8 22. Nd5 g5 23. f4 Bxd5 24. cxd5 gxf4 25. e4 Rxe4 26. Qf3 Re3 27. Qg2 Rg3 28. Rxf4 Rxg2+ 29. Kxg2 Be5 30. Rf3 Qh6 31. Rxc7 Qd2 32. Rf2 Bd4 33. Rc2 Qxc2 34. Bf3 Qxf2+ 35. Kh1 Qg1# 0-1

[Event "ROM-chT Rapid"]
[Site "Sebes"]
[Date "2022.12.03"]
[Round "1.26"]
[White "Cosma, Ioan"]
[Black "Simina, Alexandru Ioan"]
[Result "1-0"]
[WhiteElo "2368"]
[BlackElo "1244"]
[PlyCount "69"]
[EventDate "2022.12.03"]
[EventType "team-swiss (rapid)"]
[EventRounds "8"]
[EventCountry "ROU"]
[SourceTitle "CBM 211 Extra"]
[Source "ChessBase"]
[SourceDate "2023.01.31"]
[SourceVersion "1"]
[SourceVersionDate "2023.01.31"]
[SourceQuality "1"]
[WhiteTeam "Techirghiol Victoria"]
[BlackTeam "Alba Iulia Unirea III"]
[WhiteTeamCountry "ROU"]
[BlackTeamCountry "ROU"]

1. d4 d5 2. c4 c6 3. cxd5 cxd5 4. Nc3 Nf6 5. Bf4 a6 6. Nf3 Nc6 7. Rc1 e6 8. e3 Bd6 9. Bg3 0-0 10. Bd3 h6 11. Ne5 Nb4 12. Bb1 Bxe5 13. dxe5 Ne8 14. 0-0 f5 15. exf6 Nxf6 16. Na4 Ne4 17. Bxe4 dxe4 18. Qxd8 Rxd8 19. Nb6 Rb8 20. Bxb8 Nxa2 21. Rxc8 Rxc8 22. Nxc8 Nb4 23. Nd6 b5 24. Nxe4 Nd3 25. b3 a5 26. Rd1 Nb4 27. Rd7 Kh7 28. h4 Kg6 29. g4 h5 30. f3 a4 31. bxa4 bxa4 32. Be5 Kh7 33. gxh5 Kh8 34. Bxg7+ Kg8 35. Nf6# 1-0

[Event "FISCA Online op"]
[Site "Chess.com INT"]
[Date "2020.06.23"]
[Round "5"]
[White "Ciocan, Ariana Roxana"]
[Black "Simina, Alexandru Ioan"]
[Result "1-0"]
[WhiteElo "1548"]
[BlackElo "1220"]
[PlyCount "83"]
[EventDate "2020.06.19"]
[EventType "swiss"]
[EventRounds "9"]
[EventCountry "ROU"]
[SourceTitle "CBM 197 Extra"]
[Source "ChessBase"]
[SourceDate "2020.09.30"]
[SourceVersion "1"]
[SourceVersionDate "2020.09.30"]
[SourceQuality "1"]

1. e4 e5 2. Nf3 Nc6 3. Bc4 Bc5 4. c3 Nf6 5. d4 exd4 6. cxd4 Bb4+ 7. Bd2 Qe7 8. e5 Ne4 9. 0-0 Bxd2 10. Nfxd2 Nxd2 11. Qxd2 0-0 12. Nc3 d6 13. Nd5 Qd7 14. Qc3 Ne7 15. Nxc7 dxe5 16. Nxa8 exd4 17. Qg3 b5 18. Bd3 Nd5 19. Rac1 Re8 20. Nc7 Nxc7 21. Qxc7 Qg4 22. Bxb5 Rf8 23. Qxa7 Qg5 24. Bd7 Bxd7 25. Qxd7 h5 26. Qxd4 h4 27. Qd7 Qf6 28. Rc8 g5 29. Rxf8+ Kxf8 30. b4 Qg6 31. b5 g4 32. Qd8+ Kg7 33. Qxh4 f5 34. Qe7+ Kh6 35. Qe3+ Kh5 36. b6 Qf7 37. Qb3 Qb7 38. Rc1 f4 39. Rc7 Qb8 40. Qf7+ Kh6 41. Qf6+ Kh5 42. Rh7# 1-0